|
|
|
|
| LEADER |
00798ncm a22002292a 4500 |
| 001 |
001291103 |
| 003 |
CZ BrMZK |
| 005 |
20151023132503.0 |
| 007 |
qu |
| 008 |
080221s1947 xr |||||r|||||||| lat d |
| 040 |
|
|
|a BOA001
|b cze
|
| 072 |
|
7 |
|a 783
|x Církevní hudba. Duchovní hudba. Náboženská hudba
|2 Konspekt
|9 9
|
| 100 |
1 |
|
|a Musil, František,
|d 1852-1908
|7 jk01082502
|4 cmp
|
| 245 |
1 |
0 |
|a Ave Maria
|h [hudebnina] :
|b ad tres voces aequales organo comitante /
|c František Musil
|
| 260 |
|
|
|a Praha :
|b Vyšehrad,
|c 1947
|
| 300 |
|
|
|a 1 partitura (3 s.)
|
| 490 |
1 |
|
|a Hudební edice ;
|v č. 21
|
| 830 |
|
0 |
|a Hudební edice Vyšehrad
|
| 910 |
|
|
|a BOA001
|b Mus4-0194.245
|
| 990 |
|
|
|a MU
|
| 991 |
|
|
|b 201305
|
| 996 |
6 |
|
|b 2619514765
|c Mus4-0194.245
|l MZK
|r Sklad / do 1 hodiny
|n 1
|w 001325757
|u 000010
|a 1
|e BOA001
|j MZK50
|s P
|